Central Library OPAC University of Rajshahi

Lasers : (Record no. 66298)

MARC details
000 -LEADER
fixed length control field 00745nam a2200253 a 4500
001 - CONTROL NUMBER
control field 66298
003 - CONTROL NUMBER IDENTIFIER
rucl marc code BD-RjUL
005 - DATE AND TIME OF LATEST TRANSACTION
control field 20211209081524.0
008 - FIXED-LENGTH DATA ELEMENTS--GENERAL INFORMATION
fixed length control field 810518s1982 nyua 001 0 eng
020 ## - INTERNATIONAL STANDARD BOOK NUMBER
International Standard Book Number 0668052988 :
Terms of availability $12.95
035 ## - SYSTEM CONTROL NUMBER
System control number (BD-RjUL)66428
040 ## - CATALOGING SOURCE
Original cataloging agency DLC
Transcribing agency DLC
Modifying agency DLC
-- BD-RjUL
Language of cataloging eng
041 ## - LANGUAGE CODE
Language code of text/sound track or separate title eng
082 00 - DEWEY DECIMAL CLASSIFICATION NUMBER
Edition number 23
Classification number 621.366
Author mark and year MAL 1982
100 1# - MAIN ENTRY--PERSONAL NAME
Personal name Maurer, Allan
9 (RLIN) 196222
245 10 - TITLE STATEMENT
Title Lasers :
Remainder of title light wave of the future /
Statement of responsibility, etc. Allan Maurer
260 ## - PUBLICATION, DISTRIBUTION, ETC. (IMPRINT)
Place of publication, distribution, etc. New York :
Name of publisher, distributor, etc. Arco Pub.,
Date of publication, distribution, etc. c1982.
300 ## - PHYSICAL DESCRIPTION
Pagination xvii, 174 p. :
Illustrations ill. ;
Size 25 cm.
490 ## - SERIES STATEMENT
Series statement The Arco how it works series
500 ## - GENERAL NOTE
General note Includes index.
650 #0 - SUBJECT ADDED ENTRY--TOPICAL TERM
Topical term or geographic name as entry element Lasers
General subdivision Popular works.
9 (RLIN) 196223
830 ## - SERIES ADDED ENTRY--UNIFORM TITLE
Uniform title The Arco how it works series
942 ## - ADDED ENTRY ELEMENTS (KOHA)
Source of classification or shelving scheme Dewey Decimal Classification
Koha item type Books
Holdings
Lost status Source of classification or shelving scheme Damaged status Not for loan Collection code Permanent Location Current Location Shelving location Date acquired Source of acquisition Cost, normal purchase price Total Checkouts Full call number Date last seen Copy number Koha item type
  Dewey Decimal Classification   Not For Loan Non-fiction Central Library, University of Rajshahi Central Library, University of Rajshahi Reading Room 21/07/1985 Asia Foundation 0.00   621.366 MAL 1982 15/03/2017 C-1 Books